000 00535nam a2200205Ia 4500
003 GCL
008 140319s9999 xx 000 0 ara d
040 _aGCL /
_cGCL
082 0 4 _a330
_bح م
100 1 _aحسين سلوم
245 1 0 _aموجز المبادىء الاقتصادية /
_cحسين سلوم
300 _a415 ص
490 _a
650 0 4 _aالتسويق
650 0 4 _aراس المال
650 0 4 _aالفائدة
650 0 4 _aالانتاج
650 0 4 _aالاقتصاد - تاريخ
942 _2ddc
_cBK
999 _c45927
_d45927